Flash Flood Susceptibility modeling : A study of swat drainage basin, Northern Pakistan (Record no. 554317)
[ view plain ]
| 000 -LEADER | |
|---|---|
| fixed length control field | 00390nam a22001457a 4500 |
| 082 ## - DEWEY DECIMAL CLASSIFICATION NUMBER | |
| Classification number | T-257 |
| 100 ## - MAIN ENTRY--PERSONAL NAME | |
| Personal name | Asif Ali |
| 9 (RLIN) | 51762 |
| 245 ## - TITLE STATEMENT | |
| Title | Flash Flood Susceptibility modeling : A study of swat drainage basin, Northern Pakistan |
| 260 ## - PUBLICATION, DISTRIBUTION, ETC. | |
| Place of publication, distribution, etc. | Risalpur, |
| Name of publisher, distributor, etc. | MCE, |
| Date of publication, distribution, etc. | 2019. |
| 300 ## - PHYSICAL DESCRIPTION | |
| Extent | 129p. |
| 500 ## - GENERAL NOTE | |
| General note | DM |
| 526 ## - STUDY PROGRAM INFORMATION NOTE | |
| Program name | 0 |
| Interest level | 0 |
| Reading level | 0 |
| Title point value | T_257 |
| 700 ## - ADDED ENTRY--PERSONAL NAME | |
| Personal name | Dr Naeem Shazad |
| 9 (RLIN) | 51763 |
| 942 ## - ADDED ENTRY ELEMENTS (KOHA) | |
| Source of classification or shelving scheme | |
| Koha item type | Book |
| Withdrawn status | Lost status | Source of classification or shelving scheme | Damaged status | Not for loan | Permanent Location | Current Location | Date acquired | Total Checkouts | Full call number | Barcode | Date last seen | Price effective from | Koha item type |
|---|---|---|---|---|---|---|---|---|---|---|---|---|---|
| Military College of Engineering (MCE) | Military College of Engineering (MCE) | 11/20/2019 | T-257 | MCE-T-257 | 11/20/2019 | 11/20/2019 | Book |
